| 000 | 00553nam a2200217 a 4500 | ||
|---|---|---|---|
| 001 | BRCA_4039 | ||
| 005 | 20190320204525.0 | ||
| 008 | 110210s1961----nyu#######---#000-0#eng-# | ||
| 041 | _aeng | ||
| 044 | _anyu | ||
| 050 | 4 |
_aPZ3 _b.C37 1961 |
|
| 100 | 1 |
_aCarmichael, Harry. _910492 |
|
| 245 | 1 | 0 |
_aThe Late Unlamented _cby Harry Carmichael. |
| 260 |
_aNueva York _bDoubleday _c1961 |
||
| 300 |
_a213 p. _c22 cm. |
||
| 440 | 0 |
_aA crime club selection _9876 |
|
| 500 | _aCEF27 | ||
| 650 | 1 | 4 |
_aNovelas policĂacas _9877 |
| 902 | _aGFM | ||
| 942 |
_2lcc _cB |
||
| 999 |
_c3763 _d3763 |
||